000 01795nam a2200193Ii 4500
008 221202s xx 000 0 und d
100 1 _aStelzer, Jana,
_eauthor
245 0 _aEuregio Mobility in der beruflichen Bildung
246 _aÜber die Grenze gehen und denken
264 1 _a[Place of publication not identified] :
_b[Publisher not identified],
_c2022
300 _a1 online resource
336 _atext
_btxt
_2rdacontent
337 _acomputer
_bc
_2rdamedia
338 _aonline resource
_bcr
_2rdacarrier
520 _aWie kann berufliche Bildung in europäischen Grenzregionen auf- und ausgebaut werden? Am Beispiel von sechs berufsbildenden Schulen in der Euregio Rhein-Waal berichten die Autor:innen über Potenziale und Herausforderungen grenzüberschreitender Berufsbildung. Die Forschenden begleiteten Austausche in drei Tandempartnerschaften aus jeweils einer berufsbildenden Schule in Deutschland und den Niederlanden (ROC). Teil des Projekts waren die Bildungsgänge Einzelhandel, Erzieher/-in sowie Gartenbau. Im Mittelpunkt des Projektberichts stehen die Struktur der Tandempartnerschaften, die eine niedrigschwellige Partizipation sichert, sowie der Austausch der Lehrenden. Auch der Einsatz digitaler Tools wird mit Blick auf die Covid-19-Pademie analysiert. Insgesamt liefert die Publikation neue Perspektiven auf die Möglichkeiten grenzüberschreitender Bildungsprojekte und Argumente für eine breite Mobilitätspalette, mit der Lehrende und Lernende als Multiplikatoren im europäischen Raum wirken können.
653 _aEducation
856 _uhttps://docs.google.com/spreadsheets/d/1yKIrdCPDAG_9c22mwoOIO2DOhtj65Wqa/edit?usp=sharing&ouid=106555315294820607512&rtpof=true&sd=true
_yList of Curated E-Books
942 _cE-BOOK
999 _c93333
_d93330